Advanced accounts (Record no. 3791)

000 -LEADER
fixed length control field 00583nam a22002291 4500
001 - CONTROL NUMBER
control field 3791
003 - CONTROL NUMBER IDENTIFIER
control field BD-DhUET
008 - FIXED-LENGTH DATA ELEMENTS--GENERAL INFORMATION
fixed length control field 740123s1966 ii k 000 0 eng
020 ## - INTERNATIONAL STANDARD BOOK NUMBER
International Standard Book Number 8121902789
040 ## - CATALOGING SOURCE
Original cataloging agency DLC
Transcribing agency DLC
Modifying agency BD-DhUET
082 00 - DEWEY DECIMAL CLASSIFICATION NUMBER
Classification number 657
Item number SHU/1999
100 1# - MAIN ENTRY--PERSONAL NAME
Personal name Shukla, M. C.
245 10 - TITLE STATEMENT
Title Advanced accounts
Statement of responsibility, etc. by M. C. Shukla and T. S. Grewal
250 ## - EDITION STATEMENT
Edition statement 14th ed.
260 ## - PUBLICATION, DISTRIBUTION, ETC. (IMPRINT)
Place of publication, distribution, etc. New Delhi
Name of publisher, distributor, etc. S, chand
Date of publication, distribution, etc. 1999
300 ## - PHYSICAL DESCRIPTION
Extent v.p.
Other physical details ill.
Dimensions 25 cm.
504 ## - BIBLIOGRAPHY, ETC. NOTE
Bibliography, etc Includes bibliographies
650 #0 - SUBJECT ADDED ENTRY--TOPICAL TERM
Topical term or geographic name as entry element Accounting
700 ## - ADDED ENTRY--PERSONAL NAME
Personal name Grewal, T. S.
700 ## - ADDED ENTRY--PERSONAL NAME
Personal name Gupta, S. C.
942 ## - ADDED ENTRY ELEMENTS (KOHA)
Koha item type General Book
Holdings
Koha item type Sublocation or collection (holding branch) Date acquired Not for loan Price effective from Location (home branch) Koha normalized classification for sorting Withdrawn status Koha full call number Piece designation (barcode) Shelving location Lost status Source of classification or shelving scheme Damaged status Copy number Koha date last seen
General BookCentral Library, BUET2014-11-05 2014-11-05Central Library, BUET657SHU1999 657/SHU/199993656Circulation section   12014-11-05
General BookCentral Library, BUET2014-11-05 2014-11-05Central Library, BUET657SHU1999 657/SHU/199993657Circulation section   22014-11-05
General BookCentral Library, BUET2014-11-05 2014-11-05Central Library, BUET657SHU1999 657/SHU/199993658Circulation section   32014-11-05
General BookCentral Library, BUET2014-11-05 2014-11-05Central Library, BUET657SHU1999 657/SHU/199993659Circulation section   42014-11-05
General BookCentral Library, BUET2014-11-05 2014-11-05Central Library, BUET657SHU1999 657/SHU/199993660Circulation section   52014-11-05
General BookCentral Library, BUET2014-11-05 2014-11-05Central Library, BUET657_000000000000000_SHU_1999 657/SHU/199993661Circulation section   62014-11-05
General BookCentral Library, BUET2014-11-05 2014-11-05Central Library, BUET657SHU1999 657/SHU/199993662Circulation section   72014-11-05
General BookCentral Library, BUET2014-11-05 2014-11-05Central Library, BUET657_000000000000000_SHU_1999 657/SHU/199993655Circulation section   82014-11-05
Reading ItemCentral Library, BUET2015-06-20 2015-06-20Central Library, BUET657_000000000000000_SHU_1999 657/SHU/199993654Reading section   92015-06-20
Reading ItemCentral Library, BUET2015-06-20 2015-06-20Central Library, BUET657_000000000000000_SHU_1999 657/SHU/199993653Reading section   102015-06-20